African statistical journal (Record no. 33799)
[ view plain ]
| 000 -LEADER | |
|---|---|
| fixed length control field | 00731nam a2200169 a 4500 |
| 008 - FIXED-LENGTH DATA ELEMENTS--GENERAL INFORMATION | |
| fixed length control field | 180626s2018 ||||||||||||||||| || u |
| 050 ## - LIBRARY OF CONGRESS CALL NUMBER | |
| Classification number | ADB(05)ASJ/2018/20 |
| 245 00 - TITLE STATEMENT | |
| Title | African statistical journal |
| Statement of responsibility, etc. | by African Development Bank [ADB] |
| 260 ## - PUBLICATION, DISTRIBUTION, ETC. | |
| Place of publication, distribution, etc. | Abijan |
| Name of publisher, distributor, etc. | African Development Bank (ADB) |
| Date of publication, distribution, etc. | 2018 |
| 300 ## - PHYSICAL DESCRIPTION | |
| Extent | 193 pages: illustrations |
| 490 ## - SERIES STATEMENT | |
| Series statement | vol. 20 - Februay 2018 |
| 650 ## - SUBJECT ADDED ENTRY--TOPICAL TERM | |
| Topical term or geographic name entry element | AFRICA--STATISTICS--PERIODICALS |
| 650 ## - SUBJECT ADDED ENTRY--TOPICAL TERM | |
| Topical term or geographic name entry element | AFRICAN STATISTICS--GOVERNANCE--PEACE--SECURITY |
| 650 ## - SUBJECT ADDED ENTRY--TOPICAL TERM | |
| Topical term or geographic name entry element | CONSUMER PRICE INDICES |
| 650 ## - SUBJECT ADDED ENTRY--TOPICAL TERM | |
| Topical term or geographic name entry element | PURCHASING POWER PARITY |
| 995 ## - RECOMMENDATION 995 [LOCAL, UNIMARC FRANCE] | |
| -- | CBU-MAIN LIBRARY (Kitwe) |
| -- | 1 |
| -- | AVAILABLE |
| -- | Jun 26, 2018 |
| -- | African Development Bank |
| -- | International Publications |
| Withdrawn status | Lost status | Source of classification or shelving scheme | Damaged status | Not for loan | Home library | Current library | Shelving location | Date acquired | Total Checkouts | Full call number | Barcode | Date last seen | Price effective from | Koha item type |
|---|---|---|---|---|---|---|---|---|---|---|---|---|---|---|
| CBU-MAIN LIBRARY, KITWE. | CBU-MAIN LIBRARY, KITWE. | 11/30/2022 | ADB(05)ASJ/2018/20 | B3644 | 11/30/2022 | 11/30/2022 | MONOGRAPH |